000 00850nam a2200277Ia 4500
008
020 _a9780387683461 (pbk. )
049 _aMAIN
090 _aQD251.2
_bCAR
100 1 _aCarey, Francis A.
245 1 0 _aAdvanced organic chemistry :
_bPart A : structure and mechanisms /
_cFrancis A. Carey and Richard J. Sundberg.
250 _a5th ed.
260 _aNew York :
_bSpringer,
_c2007.
300 _axxi, 1199 p. ;
_c26 cm.
500 _aIncludes index.
504 _aIncludes bibliographical references.
650 0 _aChemistry, Organic.
650 7 _aChimie organique.
_2ram.
653 _aOrganic chemistry.
700 1 _aSundberg, Richard J.
907 _a.b10337234
_b12-11-13
_c08-11-13
003
005 20250107162831.0
040 _cNUST
942 _cBOOKS
_kQD251.2
_mCAR
_01
999 _c126853
_d126853